00896nam a2200277 a 4500001001000000003000900010005001700019007000300036008004100039040003000080082001400110100002200124245010700146250001700253264005700270300002600327336002700353337003300380338002800413490002800441500005000469700003900519700001500558700001700573830002800590000022200DO-SdBNP20240206100348.0ta100920s1989 dr 000 0 spa d aDO-SdBNPbspacBNPHUerda bF618c2221 aFleury, V.eautor10aCien dominicanos célebres /cV. Fleury, G. Ricart, P. Bisonó ; prólogo Ramón Alberto Ferreras. a7a edición aSanto Domingo :bLibreros Dominicanos Unidos,c1989. a299 paginas ;c21 cm. 2rdacontentatextobtxt 2rdamediaasin mediaciónbn 2rdacarrieravolumenbnc1 aDominicanos Celebresv2 aIncluye índice alfabético de biografías1 aFerreras, Ramón Albertoepról.1 aRicart, G.1 aBisonó, P. 0aDominicanos Celebresn2